01365nam a2200337Ia 4500001001200000003000800012006001900020007001500039008004100054010001700095020003800112020002600150040002100176035002100197050002800218082001500246100002100261245020200282260003400484300002400518504005100542533015200593650002900745650002300774650002200797655002900819700001900848710001700867856012600884999001701010ebr10726716CaPaEBRm o u cr cn|||||||||130204s2013 njua sb 001 0 eng d z 2013000459 z9781118543177 (pbk. : alk. paper) z9781118645109 (ebook) aCaPaEBRcCaPaEBR a(OCoLC)82689966714aBF723.G75bS7394 2013eb04a362.742231 aSteele, William.10aWorking with grieving and traumatized children and adolescentsh[electronic resource] :bdiscovering what matters most through evidence-based, sensory interventions /cWilliam Steele, Caelan Kuban. aHoboken, NJ :bWiley,cc2013. axix, 251 p. :bill. aIncludes bibliographical references and index. aElectronic reproduction.bPalo Alto, Calif. :cebrary,d2013.nAvailable via World Wide Web.nAccess may be limited to ebrary affiliated libraries. 0aBereavement in children. 0aGrief in children. 0aLoss (Psychology) 7aElectronic books.2local1 aKuban, Caelan.2 aebrary, Inc.40uhttp://site.ebrary.com/lib/rucke/Doc?id=10726716zAn electronic book accessible through the World Wide Web; click to view c38465d38465